Characteristic of project management in small and medium-sized enterprises

Riadenie malých a stredných podnikov a zavádzanie nových produktov a služieb na trh. Inovačné riešenia a meniace sa požiadavky klienta. Identifikovanie a zhodnotenie vybraných oblastí týkajúcich sa kvalitatívnych charakteristík projektového riadenia v malých a stredných podnikoch.

Enregistré dans:
Détails bibliographiques
Auteur principal: Kozlowski, Remigiusz
Autres auteurs: Matejun, Marek
Format: Chapitre de livre
Langue:anglais
Sujets:
Tags: Ajouter un tag
Pas de tags, Soyez le premier à ajouter un tag!

MARC

LEADER 00000naa a2200000 4500
001 0214965
005 20220719115109.3
041 0 |a eng 
044 |a CZ 
245 1 0 |a Characteristic of project management in small and medium-sized enterprises  |c Remigiusz Kozlowski, Marek Matejun 
520 |a Riadenie malých a stredných podnikov a zavádzanie nových produktov a služieb na trh. Inovačné riešenia a meniace sa požiadavky klienta. Identifikovanie a zhodnotenie vybraných oblastí týkajúcich sa kvalitatívnych charakteristík projektového riadenia v malých a stredných podnikoch. 
610 2 0 |a podnik malý 
610 2 0 |a podnik stredný 
610 2 0 |a stratégia podnikateľská 
610 2 0 |a politika podnikania 
610 2 0 |a riadenie 
610 2 0 |a inovácia 
610 2 0 |a kvalita 
610 2 0 |a efektívnosť podnikania 
100 1 |a Kozlowski, Remigiusz 
700 1 |a Matejun, Marek